000 00452nam a2200169Ia 4500
001 66760
008 150514s9999 xx 000 0 und d
020 _a9693501012
040 _cPK-LaUMT
082 _a 954.5
_bSHA-R
100 _aShafqat Ranveer Mirza
245 _aResistance themes in Punjabi literature
_cShafqat Ranveer Mirza
260 _aLahore,Pakistan:
_bSang-e-Meel Publications,
_c1992
300 _a247 p.
546 _aEN
942 _cBK
999 _c71590
_d71590